| 000 | 00412nam a2200157Ia 4500 | ||
|---|---|---|---|
| 008 | 230917s9999||||xx |||||||||||||| ||und|| | ||
| 040 |
_e127454 _aMAIN |
||
| 041 | _aEnglish | ||
| 082 | _a150.9 H629H | ||
| 100 | _aBenjamin, Ludy T | ||
| 245 | 0 | _aHistory of Psychology: Original sources and contemporary research | |
| 250 | _a3rd ed. | ||
| 260 |
_aOxford _bBlackwell _c2009 |
||
| 300 | _a427 p. | ||
| 942 | _cBK | ||
| 999 |
_c149513 _d149513 |
||